| 000 | 00987nam a2200289 a 4500 | ||
|---|---|---|---|
| 001 | 70344 | ||
| 003 | BD-RjUL | ||
| 005 | 20211209082004.0 | ||
| 008 | 170417s1977 enka|||| |||| 001 0 eng d | ||
| 035 | _a(BD-RjUL) 70558 | ||
| 040 |
_aDLC _cDLC _dBD-RjUL _beng |
||
| 041 | _aeng | ||
| 082 | 0 | 0 |
_a551 _223 _bGOP 1977 |
| 100 |
_aGorshkov, G. _9208295 |
||
| 245 | 1 | 0 |
_aPhysical geology / _cGeorgiǐ Petrovich Gorshkov; A F I︠A︡kushova Trans. by V.V. Shiffer |
| 250 | _a2nd ed. | ||
| 260 |
_aMoscow : _bMir Publishers, _c1977. |
||
| 300 |
_a690 p. : _bill.; _c28 cm. |
||
| 500 | _aMcGeary's name appears first on the earlier eds. | ||
| 500 | _aCompanion text to Earth revealed, a PBS television course and video resource. | ||
| 504 | _aIncludes bibliographical references and index. | ||
| 650 | 0 |
_aPhysical geology _vTextbooks. _9208296 |
|
| 700 | 1 |
_aI︠A︡kushova, A F _9208297 |
|
| 700 | 1 |
_a Trans. by Shiffer, V.V. _9208298 |
|
| 942 |
_2ddc _cBK |
||
| 999 |
_c70344 _d70344 |
||